000 00340nam a2200157Ia 4500
100 _aRaju/G.S.N
650 _aEDC
942 _cBK
366 _f10
654 _acircuits
245 _aElectronic devices and circuits
260 _bI.K.International
_aMumbai
_c2006
082 _a621.3815/RAJ
_bRAJ
300 _a562
546 _aENGLISH
999 _c22837
_d22837